El desafío mundial
Uloženo v:
| Hlavní autor: | |
|---|---|
| Médium: | Kniha |
| Jazyk: | španělština |
| Vydáno: |
Barcelona
Plaza and Janes
1980
|
| Vydání: | 1a. ed |
| Témata: | |
| Tagy: |
Přidat tag
Žádné tagy, Buďte první, kdo vytvoří štítek k tomuto záznamu!
|
MARC
| LEADER | 00000nam a2200000 a 4500 | ||
|---|---|---|---|
| 001 | UCG7305 | ||
| 003 | CL-VaPUC | ||
| 008 | 110715e19801100SP |||||||||||||||||spa|d | ||
| 020 | |a 8401370655 | ||
| 082 | 0 | 4 | |a 327.09047 |b SER |2 21 |
| 100 | 0 | |a Servan-Schreiber, Jean-Jacques |e author |9 557997 | |
| 245 | 1 | 3 | |a El desafío mundial |
| 250 | |a 1a. ed | ||
| 300 | |a 311 p | ||
| 942 | |c BK | ||
| 945 | |d 20110715 00:00:00 |a dcastane | ||
| 260 | |a Barcelona |b Plaza and Janes |c 1980 | ||
| 650 | 0 | |a Política internacional |9 255813 | |
| 650 | 0 | |a Relaciones Internacionales |9 255740 | |
| 650 | 0 | |a Política mundial |9 255739 | |
| 583 | |a last modification |c 20110715 00:00:00 |k Rodrigo Vera | ||
| 999 | |c 345331 |d 345329 | ||
| 952 | |0 0 |1 0 |4 0 |6 327_090470000000000_SER_1980 |7 0 |8 X |9 443941 |a FDOBUD |b FDOBUD |d 2019-11-22 |i 4787331 |o 327.09047 SER 1980 |p 4787331 |r 2019-11-22 |w 2019-11-22 |y BK_X |k BUD | ||